MDQL
is popping MORE tags! Check the
thread
!
Quizzes
Events
Quiz Creation
Community
Videos
Private Events
Remove Ads
Sign In
Join for FREE
Feedback
Dark Mode
Quiz Categories
Sports
Geography
Music
Movies
Television
Just For Fun
Miscellaneous
History
Literature
Language
Science
Gaming
Entertainment
Religion
Holiday
For Kids
Quiz Lab
Recent
Popular Today
Quiz Kudos Today
Editor Picks
Curator Picks
Quizzes by...
Day
Popularity
Type
Ratings
Length
Year
Community
Subscriptions
Recent Discussions
Orange Saloon
Badges
Playlists
Quests
Create
Leaderboards
Showdown
Live 5
Trivia Bingo
Activity
Puzzle Library
Sporcle Events
Private Events
Virtual Trivia
Globe League
Become a Host
Pub Owners
SporcleCon
Opinionation
Our Games
Videos
Blog
Mobile Apps
Partnerships
Remove Ads and Go Orange
Feedback
Sports
Athletes
MLB
NBA
NHL
NFL
Soccer
Sports Teams
WWE
NCAA
Football
Premier League
Basketball
Baseball
Hockey
Golf
Tennis
Cricket
Rugby
Auto Racing
Olympics
World Cup
Sports
Athletes
MLB
NBA
NHL
NFL
Soccer
Sports Teams
WWE
NCAA
Football
Premier League
Basketball
Baseball
Hockey
Golf
Tennis
Cricket
Rugby
Auto Racing
Olympics
World Cup
Random Quiz
Search Sporcle
×
Quiz Lab
Quiz Lab
Sports
College
Type in answers that appear in a list
Type in answers that appear in a list
Classic
Best Score? Go Orange.
NBA/ABA Minutes Played Leaders By College II Stats
Can you name the players with the most NBA/ABA minutes played that attended each college?
By
stradabolt
10m
50 Questions
28 Plays
28 Plays
28 Plays
Comments
Comments
Give Quiz Kudos
Give Quiz Kudos
-
- Ratings
hide this ad
Replay
Link that replays current quiz
Next Quiz
Link to next quiz in quiz playlist
You Got
0%
They Got
Avg Score
28%
Avg Friend Score
Upgrade to see
Score Distribution
Jump to the score distribution portion of the page
Score
0/50
Timer
10:00
0
Plays Today
Conference
Player
% Correct
Big East
Patrick Ewing
78.6%
Big East
Dwyane Wade
78.6%
Big Sky
Gus Johnson
78.6%
Big Ten
John Johnson
78.6%
Big East
Ray Allen
75%
Big East
Gordon Hayward
67.9%
Big Sky
Freeman Williams
64.3%
Big Ten
Buck Williams
64.3%
Big East
David West
60.7%
Big Sky
Damian Lillard
60.7%
Big XII
Kurt Thomas
60.7%
Big XII
Jerry West
60.7%
Big Ten
John Havlicek
53.6%
Big XII
Wilt Chamberlain
50%
Big East
Mark Jackson
46.4%
Big East
Kyle Lowry
39.3%
Big Ten
Kevin McHale
39.3%
Big Sky
Micheal Ray Richardson
35.7%
Big Ten
Jamal Crawford
35.7%
Big Ten
Glenn Robinson
32.1%
Big XII
Mitch Richmond
32.1%
Big XII
LaMarcus Aldridge
32.1%
Big Ten
Walt Bellamy
21.4%
Big Ten
Kevin Willis
21.4%
Big XII
Jeff Hornacek
21.4%
Conference
Player
% Correct
Big East
Samuel Dalembert
17.9%
Big Ten
Michael Finley
17.9%
Big XII
Mookie Blaylock
17.9%
Big East
Terry Cummings
14.3%
Big Sky
Rodney Stuckey
14.3%
Big East
Paul Silas
10.7%
Big Ten
Derek Harper
10.7%
Big Ten
Don Adams
10.7%
Big East
Otis Thorpe
7.1%
Big South
Jerome Kersey
7.1%
Big XII
John Starks
7.1%
Big South
Artis Gilmore
3.6%
Big South
Rick Mahorn
3.6%
Big South
Torrey Craig
3.6%
Big Ten
Bob Weiss
3.6%
Big Ten
Roy Hinson
3.6%
Big XII
David Wesley
3.6%
Big XII
Tony Battie
3.6%
Big Sky
Ron Boone
0%
Big Sky
Jack Gillespie
0%
Big Sky
Andre Spencer
0%
Big Sky
Mike Higgins
0%
Big South
George Lehmann
0%
Big South
Gene Littles
0%
Big Ten
Stu Lantz
0%
Quiz Playlist
Details
Report
Send in Message
Add To Playlist
Classic:
Type in answers that appear in a list
Quiz Source
Last Updated: Sep 9, 2019
Quiz Scoreboard
CHALLENGE
Sign Up to Join the Scoreboard
Show All
Scores
Hide
Comments
May contain spoilers
Recently Published
Find the 'City' Movie
by crazypaving
Movies
60s
5x2 Blitz: Bands
by SL_Kpop136
Music
30s
Colored Red Africa Blitz
by spor1
Geography
30s
More to Explore
Quiz From the Vault
Featured Blog Post
14 Easter Pick-up Lines to Find Eggs With
hide this ad
You Might Also Like...
Tags
College Quiz
NBA Quiz
ABA
Attended
Conference
Leader
minute
Player
school
Today's Top Quizzes in Sports
Browse Sports
hide this ad
Today's Top Quizzes in College
Browse College
Top Contributed Quizzes in Sports
1
Players with Multiple 50 Home Run Seasons
2
Criteria MLB: Left Handed Sluggers
3
MLB Players with Two .350 Batting Average Seasons
4
Who Hit More Homers?
5
Premier League Clubs since 2000 (minefield)
6
Who Needs Fielders?
7
2020 F1 Drivers Logic Puzzle
8
Les entraîneurs de l'OM et du PSG au 21e siècle
9
Top 10 NHL Goal Scorers of All Time
10
MLB Hall of Famer by Rings
Explore More
Trending Topics
Crossword
Marvel
NBA
Harry Potter
Kpop
Disney
Anime
WWE
Country
NFL
Song
Puzzle
Soccer
Pokémon
The Office
hide this ad
More By:
stradabolt
Quiz
Plays
Rating
Category
Featured
Created
Counties of Iowa
2,119
5.00
Geography
Oct 5, 2009
County Seats of Iowa
220
3.00
Geography
Oct 5, 2009
Unique NCAA Nicknames Part I
175
3.00
Sports
Jan 11, 2011
NCAA/Minor Leagues Shared Nicknames
167
4.00
Sports
Dec 30, 2010
Unique NCAA Nicknames Part IV
157
5.00
Sports
Jan 21, 2011
Go to Creator's Profile
Score Distribution
Quiz Creator Spotlight
stradabolt
Follow
Send a Message
Quizzes Created
-
Created Quiz Play Count
-
More By This Creator
Popular Quizzes Today
1
Colored Red Africa Blitz
2
Find the 'City' Movie
3
5x2 Blitz: Bands
4
Find the US States - No Outlines Minefield
5
The Countries of the World
6
Find the US States
7
US States
8
9x9 Crossword: Cartoon Network
More Sports Quizzes
NBA 5-Year Scoring - Golden State Warriors
Published
Trending Quizzes
Colored Red Europe Blitz I
Colored Red Africa Blitz II
Colored Red Africa Blitz III
Colored Red Europe Blitz III
Colored Red Europe Blitz II
Recently Updated
Champions League XIs: Real Madrid
pecheneg
Largest US Cities 1790-2010
pecheneg
Rides in Walt Disney World
pecheneg
Most Oscar Losses (Acting)
pecheneg
Beyoncé Albums
pecheneg
Leaping Animals
pecheneg
Reality TV Shows (A-Z)
bhenderson79
Rickey Henderson's Hall of Fame Teammates
pecheneg
Champions League XIs: Arsenal
pecheneg
Quick Pick: Celebrities in WWE's Hall of Fame
aduchscher
Trending Topics
NBA
Crossword
Harry Potter
Marvel
Disney
Kpop
Anime
Pokémon
Song
Soccer
WWE
The Office
Puzzle
NFL
Country
Your Account Isn't Verified!
In order to create a playlist on Sporcle, you need to verify the email address you used during registration. Go to your
Sporcle Settings
to finish the process.
Report this User
Report this user for behavior that violates our
Community Guidelines
.
Details:
Send Report
Go to the Sporcle.com Mobile Site →
Comments